000 01352nam a2200397Ic 4500
001 58817
003 CO-BoRNBP
005 20250828153848.0
007 ta
008 180109s2016 sp a g 000 0 spa
020 _a9788416434510
040 _aCO-BoRNBP
_bspa
_erda
_cCO-BoRNBP
041 _aspa
082 0 4 _a323.352
_bU55
_222
245 0 3 _aUn mundo mejor :
_bderechos del niño /
_cAdolfo Serra... [y otros nueve].
250 _aPrimera edición
264 1 _aMadrid, España :
_bJaguar,
_c2016
300 _a22 páginas :
_bilustraciones
336 _atexto
_btxt
_2rdacontent
337 _asin mediación
_bn
_2rdamedia
338 _avolumen
_bnc
_2rdacarrier
521 _aRecomendado para un público infantil mayor de 9 años
650 0 7 _aDerechos del niño
_2LEMB
_93258
650 0 7 _aDerechos Civiles
_2LEMB
700 _aAltés, Marta,
_d1982-
_eaut
_964056
700 _aBarrenetxea, Iban,
_d1973-
_eaut
_964057
700 _aBlanco, Riki,
_d1978-
_eaut
_964058
700 _aGarcía, Ester,
_d1984-
_eaut
_964059
700 _aLópiz, Violeta,
_d1980-
_eaut
_964060
700 _aMuñiz, Jacobo
_eaut
_964061
700 _aNieto Guridi, Raúl,
_d1970-
_eaut
_964062
700 _aOdriozola, Elena,
_d1967-
_eaut
_964063
700 _aSerra, Adolfo,
_d1980-
_eaut
_959560
700 _aSomá, Marco,
_d1983-
_eaut
_964064
942 _2ddc
_cBKINF
999 _c58817
_d58817